"Csallóközi" kőolajjal kínálgatták a képviselőket tiltakozás a kőolajvezeték megépítése ellen

Podrobná bibliografia
Médium: Článok
Jazyk:maďarčina
Fyzický popis:Fotogr.
ISSN:1335-7050
Predmet:

MARC

LEADER 00000nab a2200000 ar4500
001 vtls010069451
003 SK-MaSNL
005 20260319070624.0
008 100226c20100211xo |||||||| 000 b|hun
015 |a SNBRB2010/02  |2 snkbucl 
038 |a SNKBUCL 
040 |a DSZK  |b slo  |c DSZK  |e AACR2 
041 0 |a hun 
044 |a xo  |c SK 
080 |a 323.234  |2 2001 
080 |a 061.2  |x (437.6)  |2 2001 
080 |a 621.643.2:665.61  |2 2001 
245 0 0 |a "Csallóközi" kőolajjal kínálgatták a képviselőket  |b tiltakozás a kőolajvezeték megépítése ellen  |c [szerzők] (sán, s) 
300 |b Fotogr. 
500 |a Podpisy zbierali organizátori pred budovou Národnej rady SR 
610 2 7 |a Nie ropovodu cez Žitný ostrov (občianske združenie)  |2 snkbucl  |9 1039440 
648 7 |a 2010  |2 snkbucl  |9 324355 
650 0 7 |a petičné akcie  |2 snkbucl  |9 1039441 
650 0 7 |a ropovody  |2 SNKPH  |9 22024 
650 0 7 |a zbieranie podpisov  |2 snkbucl  |9 1039442 
651 7 |a Žitný ostrov (Slovensko)  |2 SNKPHgeo  |9 18362 
773 0 |t Új szó  |g Évf. 63, sz. 34 (11.2.2010), o. 2  |x 1335-7050 
852 |a SNK  |b KIS3GCP 
852 |a DSZK  |b KIS3GCP 
958 |a HU 
958 |a SK 
999 |c 1708941  |d 1710871